| 000 | 00930nas a2200313 4500 | ||
|---|---|---|---|
| 001 | BR2013001723 | ||
| 003 | BR-BrBNA | ||
| 005 | 20231205121956.0 | ||
| 007 | ta | ||
| 008 | 230509b bl.|||p| |||| 00| 00por d | ||
| 040 |
_aBR-BrBNA _bpor _cBiblioteca Nacional de Agricultura |
||
| 041 | _a(En) | ||
| 072 | _aF03 | ||
| 100 | 1 | _aSantos Neto, A.L. dos | |
| 100 | 1 | _aCarvalho, M.L.M. de | |
| 100 | 1 | _aOliveira, J.A. | |
| 100 | 1 | _aFraga, A.C. | |
| 100 | 1 | _aSouza, A.A. de | |
| 245 | 1 | _aUse of densimetric table to improve the quality of commercial castor bean seeds | |
| 650 | _aMAMONA | ||
| 650 | _aRICINUS COMMUNIS | ||
| 650 | _aGERMINAÇÃO | ||
| 650 | _aTESTE DE VIGOR | ||
| 650 | _aBENEFICIAMENTO | ||
| 650 | _aSEMENTE | ||
| 773 | 0 |
_tRevista Brasileira de Sementes (Brazil) _xISSN 0101-3122 _g(Dec 2012), v. 34(4) p. 549-555 _wBR2013001723 |
|
| 909 |
_a202311 _bLúcia _c55 _dLúcia Elande |
||
| 942 |
_2AGRIS _n0 _cANA |
||
| 999 |
_c226236 _d226236 |
||